ACA accounting: study manual. -- 7th ed. (Record no. 75552)
[ view plain ]
| 000 -LEADER | |
|---|---|
| fixed length control field | 01311nam a2200241 a 4500 |
| 008 - FIXED-LENGTH DATA ELEMENTS--GENERAL INFORMATION | |
| fixed length control field | 100120s2006 ||||||||||||||||| || u |
| 020 ## - INTERNATIONAL STANDARD BOOK NUMBER | |
| International Standard Book Number | 1841524174 |
| 050 ## - LIBRARY OF CONGRESS CALL NUMBER | |
| Classification number | HF 5635 Ins |
| 110 ## - MAIN ENTRY--CORPORATE NAME | |
| Corporate name or jurisdiction name as entry element | Institute of Chartered Accountants in England and Wales |
| 245 10 - TITLE STATEMENT | |
| Title | ACA accounting: study manual. -- 7th ed. |
| 250 ## - EDITION STATEMENT | |
| Edition statement | 7th ed. |
| 260 ## - PUBLICATION, DISTRIBUTION, ETC. | |
| Place of publication, distribution, etc. | Gosport: |
| Name of publisher, distributor, etc. | ACCA |
| Date of publication, distribution, etc. | 2006 |
| 300 ## - PHYSICAL DESCRIPTION | |
| Extent | 750p.: ill. |
| 350 ## - | |
| -- | 0.00 |
| 500 ## - GENERAL NOTE | |
| General note | ICAEW Professional stage |
| 650 ## - SUBJECT ADDED ENTRY--TOPICAL TERM | |
| Topical term or geographic name entry element | ACCOUNTING--WALES--EXAMINATIONS, QUESTIONS, ETC. |
| 650 #0 - SUBJECT ADDED ENTRY--TOPICAL TERM | |
| Topical term or geographic name entry element | ACCOUNTING--HANDBOOKS, MANUALS, ETC |
| 650 ## - SUBJECT ADDED ENTRY--TOPICAL TERM | |
| Topical term or geographic name entry element | ACCOUNTING--STUDY AND TEACHING--ENGLAND--PERIODICALS |
| 995 ## - | |
| -- | SHORT LOAN BOOKS |
| -- | 0.00 |
| -- | 740709 |
| -- | CBU-MAIN LIBRARY (Kitwe) |
| -- | 1 |
| -- | 0.00 |
| -- | HF 5635 INS |
| -- | 3 |
| -- | AVAILABLE |
| -- | Feb 22, 2010 |
| -- | 740709 |
| -- | Short Loan Collection |
| 995 ## - | |
| -- | MAIN LIBRARY OPEN ACCESS |
| -- | 0.00 |
| -- | 740708 |
| -- | CBU-MAIN LIBRARY (Kitwe) |
| -- | 1 |
| -- | 0.00 |
| -- | HF 5635 INS |
| -- | 2 |
| -- | AVAILABLE |
| -- | Feb 22, 2010 |
| -- | 740708 |
| -- | Main Library Open Access Collection |
| 995 ## - | |
| -- | MAIN LIBRARY OPEN ACCESS |
| -- | 0.00 |
| -- | 740707 |
| -- | CBU-MAIN LIBRARY (Kitwe) |
| -- | 1 |
| -- | 0.00 |
| -- | HF 5635 INS |
| -- | 1 |
| -- | AVAILABLE |
| -- | Feb 22, 2010 |
| -- | 740707 |
| -- | Main Library Open Access Collection |
| 995 ## - | |
| -- | ANNEX COLLECTION (Main Library) |
| -- | 0.00 |
| -- | 740710 |
| -- | CBU-MAIN LIBRARY (Kitwe) |
| -- | 1 |
| -- | 0.00 |
| -- | HF 5635 INS |
| -- | 4 |
| -- | AVAILABLE |
| -- | Feb 22, 2010 |
| -- | 740710 |
| -- | Annex Low-Usage Collection |
| 999 ## - | |
| -- | 75552 |
| -- | 75552 |
| Withdrawn status | Lost status | Source of classification or shelving scheme | Damaged status | Not for loan | Permanent Location | Current Location | Shelving location | Date acquired | Total Checkouts | Full call number | Barcode | Date last seen | Copy number | Price effective from | Koha item type |
|---|---|---|---|---|---|---|---|---|---|---|---|---|---|---|---|
| CBU-MAIN LIBRARY, KITWE. | CBU-MAIN LIBRARY, KITWE. | 03/30/2023 | HF 5635 Ins | 740709 | 03/30/2023 | 1 | 03/30/2023 | SHORT LOAN COLLECTION | |||||||
| CBU-MAIN LIBRARY, KITWE. | CBU-MAIN LIBRARY, KITWE. | 03/30/2023 | HF 5635 Ins | 740708 | 03/30/2023 | 2 | 03/30/2023 | MONOGRAPH | |||||||
| CBU-MAIN LIBRARY, KITWE. | CBU-MAIN LIBRARY, KITWE. | 03/30/2023 | HF 5635 Ins | 740707 | 03/30/2023 | 3 | 03/30/2023 | MONOGRAPH | |||||||
| CBU-MAIN LIBRARY, KITWE. | CBU-MAIN LIBRARY, KITWE. | 03/30/2023 | HF 5635 Ins | 740710 | 03/30/2023 | 4 | 03/30/2023 | MONOGRAPH |